MARC details
| 000 -LEADER |
| fixed length control field |
02911cjm a2200481Mi 4500 |
| 001 - CONTROL NUMBER |
| control field |
ocn904893666 |
| 003 - CONTROL NUMBER IDENTIFIER |
| control field |
OCoLC |
| 005 - DATE AND TIME OF LATEST TRANSACTION |
| control field |
20200320201415.0 |
| 007 - PHYSICAL DESCRIPTION FIXED FIELD--GENERAL INFORMATION |
| fixed length control field |
sd fmngnnmmned |
| 008 - FIXED-LENGTH DATA ELEMENTS--GENERAL INFORMATION |
| fixed length control field |
141217s2014 xxumpnne n eng d |
| 020 ## - INTERNATIONAL STANDARD BOOK NUMBER |
| Terms of availability |
17.95 |
| 024 1# - OTHER STANDARD IDENTIFIER |
| Standard number or code |
050087306830 |
| 028 00 - PUBLISHER NUMBER |
| Publisher number |
D002014802 |
| Source |
Hollywood Records/Marvel |
| 035 ## - SYSTEM CONTROL NUMBER |
| System control number |
(OCoLC)904893666 |
| 040 ## - CATALOGING SOURCE |
| Original cataloging agency |
CN5O3 |
| Language of cataloging |
eng |
| Description conventions |
rda |
| Transcribing agency |
CN5O3 |
| Modifying agency |
OCLCO |
| -- |
WACOL |
| 049 ## - LOCAL HOLDINGS (OCLC) |
| Holding library |
WACL |
| 092 ## - LOCALLY ASSIGNED DEWEY CALL NUMBER (OCLC) |
| Classification number |
MusicCD |
| Item number |
Bat |
| 245 00 - TITLE STATEMENT |
| Title |
Guardians of the galaxy : |
| Medium |
[sound recording] |
| Remainder of title |
deluxe : songs from the motion picture : original score. |
| 246 32 - VARYING FORM OF TITLE |
| Title proper/short title |
Guardians of the galaxy : |
| Remainder of title |
awesome mix vol. 1 |
| 246 32 - VARYING FORM OF TITLE |
| Title proper/short title |
Guardians of the galaxy : |
| Remainder of title |
original score |
| 246 33 - VARYING FORM OF TITLE |
| Title proper/short title |
Guardians of the galaxy : |
| Remainder of title |
songs from the motion picture |
| 264 #1 - Production, Publication, Distribution, Manufacture, and Copyright Notice. |
| Place of production, publication, distribution, manufacture |
Burbank, California : |
| Name of producer, publisher, distributor, manufacturer |
Hollywood Records, |
| Date of production, publication, distribution, manufacture, or copyr |
2014. |
| 264 #4 - Production, Publication, Distribution, Manufacture, and Copyright Notice. |
| Date of production, publication, distribution, manufacture, or copyr |
p2014 |
| 300 ## - PHYSICAL DESCRIPTION |
| Extent |
2 compact discs : |
| Other physical details |
digital, stereo ; |
| Dimensions |
4 3/4 in. |
| 336 ## - Content Type |
| Content type term |
performed music |
| 337 ## - Media type |
| Media type term |
audio |
| 338 ## - Carrier type |
| Carrier type term |
audio disc |
| 344 ## - |
| -- |
digital |
| -- |
optical |
| -- |
1.4 m. per second |
| -- |
mono |
| -- |
Digital recording |
| 347 ## - |
| -- |
audio file |
| -- |
CD audio |
| -- |
rda |
| 500 ## - GENERAL NOTE |
| General note |
Disc 2, Original score by Tyler Bates. |
| 505 0# - FORMATTED CONTENTS NOTE |
| Miscellaneous information |
Disc 1, |
| Title |
Awesome mix, vol. 1 -- |
| Miscellaneous information |
Disc 2, |
| Title |
Original score |
| 505 0# - FORMATTED CONTENTS NOTE |
| Miscellaneous information |
Disc 1, |
| Title |
Awesome mix, vol. 1: |
| -- |
Hooked on a feeling / |
| Statement of responsibility |
(Blue Swede) -- |
| Title |
Go all the way / |
| Statement of responsibility |
(Raspberries) -- |
| Title |
Spirit in the sky / |
| Statement of responsibility |
(Norman Greenbaum) -- |
| Title |
Moonage daydream / |
| Statement of responsibility |
(David Bowie) -- |
| Title |
Fooled around and fell in love / |
| Statement of responsibility |
(Elvin Bishop) -- |
| Title |
I'm not in love / |
| Statement of responsibility |
(10CC) -- |
| Title |
I want you back / |
| Statement of responsibility |
(Jackson 5) -- |
| Title |
Come and get your love / |
| Statement of responsibility |
(Redbone) -- |
| Title |
Cherry bomb / |
| Statement of responsibility |
(the Runaways) -- |
| Title |
Escape (The piña colada song) / |
| Statement of responsibility |
(Rupert Holmes) -- |
| Title |
O-o-h child / |
| Statement of responsibility |
(Five Stairsteps) -- |
| Title |
Ain't no mountain high enough / |
| Statement of responsibility |
(Marvin Gaye and Tammi Terrell) |
| 505 0# - FORMATTED CONTENTS NOTE |
| Miscellaneous information |
Disc 2, |
| Title |
Original score: |
| -- |
Morag -- |
| -- |
The final battle begins -- |
| -- |
Plasma ball -- |
| -- |
Quill's big retreat -- |
| -- |
To the stars -- |
| -- |
Ronan's theme -- |
| -- |
Everyone's an idiot -- |
| -- |
What a bunch of a-holes -- |
| -- |
Busted -- |
| -- |
The new meat -- |
| -- |
The destroyer -- |
| -- |
Sanctuary -- |
| -- |
The Kyln escape -- |
| -- |
Don't mess with my walkman -- |
| -- |
The great companion -- |
| -- |
The road to knowhere -- |
| -- |
The collector -- |
| -- |
Ronan's arrival -- |
| -- |
The pod chase -- |
| -- |
Sacrifice -- |
| -- |
We all got dead people -- |
| -- |
The ballad of the Nova Corps (instrumental) -- |
| -- |
Groot spores -- |
| -- |
Guardians united -- |
| -- |
The big blast -- |
| -- |
Groot cocoon -- |
| -- |
Black tears -- |
| -- |
Citizens unite -- |
| -- |
A Nova upgrade. |
| 650 #0 - SUBJECT ADDED ENTRY--TOPICAL TERM |
| Topical term or geographic name as entry element |
Motion picture music. |
| 9 (RLIN) |
88133 |
| 650 #0 - SUBJECT ADDED ENTRY--TOPICAL TERM |
| Topical term or geographic name as entry element |
Soundtracks. |
| 9 (RLIN) |
5925098 |
| 650 #0 - SUBJECT ADDED ENTRY--TOPICAL TERM |
| Topical term or geographic name as entry element |
Film soundtracks. |
| 9 (RLIN) |
5925099 |
| 650 #0 - SUBJECT ADDED ENTRY--TOPICAL TERM |
| Topical term or geographic name as entry element |
Popular music. |
| 9 (RLIN) |
5925100 |
| 700 1# - ADDED ENTRY--PERSONAL NAME |
| Personal name |
Bates, Tyler, |
| Relator term |
performer. |
| 9 (RLIN) |
73112 |
| 942 ## - ADDED ENTRY ELEMENTS (KOHA) |
| Koha item type |
CD |
| 948 ## - LOCAL PROCESSING INFORMATION (OCLC); SERIES PART DESIGNATOR (RLIN) |
| Series part designator, SPT (RLIN) |
11/07/2016 |
| z (OCLC) |
Sirsi |
| 994 ## - |
| -- |
C0 |
| -- |
WACOL |
| 996 ## - |
| -- |
135926 |
| -- |
34301001366329 |
| -- |
MUSICCD |
| -- |
CD |
| -- |
wcl |
| -- |
i |
| -- |
7 |
| -- |
17.95 |
| -- |
.CIRCNOTE. 2 discs |
| -- |
amazon |
| -- |
Bat |
| -- |
11/07/2016 |
| -- |
12/13/2018 |
| -- |
12/11/2018 |